000 00421pab a2200157 454500
008 180718b2000 xxu||||| |||| 00| 0 eng d
100 _aBrahmanand, P. Srinivasa et al.
245 _aIntegrated water management in Indian context
260 _c2000
300 _ap.29-31
362 _aDec
650 _aWater resources management - India
650 _aWater resources management
773 _aYojana
909 _a46740
999 _c46740
_d46740